ترجمان السنۃ (Record no. 65153)

MARC details
000 -LEADER
fixed length control field 00250nam a22001097a 4500
082 ## - DEWEY DECIMAL CLASSIFICATION NUMBER
Classification number 297.28 ب د ر
100 ## - MAIN ENTRY--AUTHOR NAME
Personal name مولانا بدر عالم صاحب
245 ## - TITLE STATEMENT
Title ترجمان السنۃ
260 ## - PUBLICATION, DISTRIBUTION, ETC. (IMPRINT)
Place of publication کراچی
300 ## - PHYSICAL DESCRIPTION
Number of Pages ۴۹۶
942 ## - ADDED ENTRY ELEMENTS (KOHA)
Koha item type Books
Holdings
Withdrawn status Lost status Collection code Home library Current library Date acquired Full call number Accession Number Koha item type
    Reference Reference Section Reference Section 09/07/2019 297.28 ب د ر (Shelf - 17B) R7486 Books